000
00251nam a22000857a 4500
008
160819b xxu||||| |||| 00| 0 eng d
100
_9
181
_a
Felleman, H
245
_a
The Best Loved Poems of the American People
260
_a
New York
_b
Double day & Com
_c
1936
999
_c
2839
_d
2839